Battle in Metropolis / by John Sazaklis ; illustrated by Andy Smith ; colors by Brad Vancata.
Batman and Superman team up to battle the Joker and Lex Luthor in Metropolis.
Record details
- ISBN: 9780061885372
- ISBN: 0061885371
- Physical Description: 1 volume (unpaged) : color illustrations ; 21 cm.
- Edition: First edition.
- Publisher: New York, NY : HarperFestival, ©2013.
Content descriptions
| General Note: | "Batman created by Bob Kane ; Superman created by Jerry Siegel and Joe Shuster." |
| Target Audience Note: | Ages 4-8. |
Search for related items by subject
| Subject: | Batman (Fictitious character) > Juvenile fiction. Superman (Fictitious character) > Juvenile fiction. Superheroes > Juvenile fiction. Good and evil > Juvenile fiction. |
Search for related items by series
Available copies
- 1 of 1 copy available at scottsboropl.
Holds
- 0 current holds with 1 total copy.
Show Only Available Copies
| Location | Call Number / Copy Notes | Barcode | Shelving Location | Status | Due Date |
|---|---|---|---|---|---|
| scottsboropl | E DCS | 32269000956972 | Juvenile - Easy | Available | - |
| LDR | 01670nam a22004694i 4500 | ||
|---|---|---|---|
| 001 | 138683 | ||
| 003 | CONS | ||
| 005 | 20150323124920.0 | ||
| 008 | 121022t20132013nyua j 000 1 eng d | ||
| 007 | ta | ||
| 010 | . | ‡a 2012940915 | |
| 020 | . | ‡a9780061885372 | |
| 020 | . | ‡a0061885371 | |
| 035 | . | ‡a(CPomAG)LMN587653 | |
| 050 | 1 | 4. | ‡aPZ7.S27588 ‡bBart 2013 |
| 082 | 0 | 4. | ‡a[E] ‡223 |
| 100 | 1 | . | ‡aSazaklis, John, ‡eauthor. |
| 245 | 1 | 0. | ‡aBattle in Metropolis / ‡cby John Sazaklis ; illustrated by Andy Smith ; colors by Brad Vancata. |
| 250 | . | ‡aFirst edition. | |
| 264 | 1. | ‡aNew York, NY : ‡bHarperFestival, ‡c©2013. | |
| 300 | . | ‡a1 volume (unpaged) : ‡bcolor illustrations ; ‡c21 cm. | |
| 336 | . | ‡atext ‡2rdacontent | |
| 336 | . | ‡astill image ‡2rdacontent | |
| 337 | . | ‡aunmediated ‡2rdamedia | |
| 338 | . | ‡avolume ‡2rdacarrier | |
| 380 | . | ‡aFiction | |
| 490 | 1 | . | ‡aBatman |
| 500 | . | ‡a"Batman created by Bob Kane ; Superman created by Jerry Siegel and Joe Shuster." | |
| 520 | . | ‡aBatman and Superman team up to battle the Joker and Lex Luthor in Metropolis. | |
| 521 | 1 | . | ‡aAges 4-8. |
| 650 | 0. | ‡aBatman (Fictitious character) ‡vJuvenile fiction. | |
| 650 | 0. | ‡aSuperman (Fictitious character) ‡vJuvenile fiction. | |
| 650 | 0. | ‡aSuperheroes ‡vJuvenile fiction. | |
| 650 | 0. | ‡aGood and evil ‡vJuvenile fiction. | |
| 700 | 1 | . | ‡aSmith, Andy, ‡eillustrator. |
| 700 | 1 | . | ‡aVancata, Brad. |
| 700 | 1 | . | ‡aKane, Bob. |
| 700 | 1 | . | ‡aSiegel, Jerry. |
| 700 | 1 | . | ‡aShuster, Joe. |
| 830 | 0. | ‡aBatman (HarperFestival (Firm)) | |
| 959 | . | ‡i32269000956972 ‡lBR Bat ‡aJuvenile - Easy ‡tBeginning Reader ‡g18.00 | |
| 852 | . | ‡p32269000956972 ‡jBR Bat ‡gJuvenile - Easy ‡cBeginning Reader ‡y18.00 ‡bSBPL | |
| 901 | . | ‡a138683 ‡bUnknown ‡c138683 ‡tbiblio | |